Risk management and food safety (Record no. 8848)
[ view plain ]
| 000 -LEADER | |
|---|---|
| fixed length control field | 00232nam a22001217a 4500 |
| 040 ## - CATALOGING SOURCE | |
| Transcribing agency | SK |
| 082 ## - DEWEY DECIMAL CLASSIFICATION NUMBER | |
| Classification number | 363 |
| 100 ## - MAIN ENTRY--AUTHOR NAME | |
| Personal name | FAO |
| 245 ## - TITLE STATEMENT | |
| Title | Risk management and food safety |
| 260 ## - PUBLICATION, DISTRIBUTION, ETC. (IMPRINT) | |
| Place of publication | ROOM |
| Name of publisher | FAO |
| Year of publication | 1997 |
| 300 ## - PHYSICAL DESCRIPTION | |
| Number of Pages | 27p. |
| 942 ## - ADDED ENTRY ELEMENTS (KOHA) | |
| Koha item type | សៀវភៅភាសាអង់គ្លេស |
| 952 ## - LOCATION AND ITEM INFORMATION (KOHA) | |
| Withdrawn status [LOCAL, KOHA] | 0 |
| Permanent Location | Date acquired | Koha item type | Lost status | Shelving location | Barcode | Current Location | Full call number |
|---|---|---|---|---|---|---|---|
| Library Block C | 2016-08-18 | សៀវភៅភាសាអង់គ្លេស | C067 | RUA061662 | Library Block C | 363 FAO 1997 C67 |